| 000 | 00838nam a22002417a 4500 | ||
|---|---|---|---|
| 003 | 0 | ||
| 005 | 20250822163118.0 | ||
| 008 | 250822b xxu||||| |||| 00| 0 eng d | ||
| 020 | _a978-1-382-00496-1 | ||
| 050 |
_aTR IB HB 74.5 _b.B55 2020 |
||
| 100 |
_aBlink, Jocelyn, _eauthor. |
||
| 245 |
_aEconomics : _bcourse companion / _cJocelyn Blink. |
||
| 250 | _a2020 edition. | ||
| 260 |
_aOxford, United Kingdom : _bOxford University Press, _c2020. |
||
| 300 |
_aiv, 540 pages : _bcolor illustrations ; _c28 cm. |
||
| 500 | _aOxford IB Diploma Programme. | ||
| 504 | _aIncludes bibliographical references and index. | ||
| 650 |
_aEconomics _vStudy and teaching (Secondary) _vTextbooks. |
||
| 650 |
_aEconomics _vTextbooks. |
||
| 650 |
_aInternational Baccalaureate _vTextbooks. |
||
| 700 |
_aDorton, Ian, _eauthor. |
||
| 942 |
_2lcc _cBK |
||
| 999 |
_c367597 _d367597 |
||